00805cpmaa2200253 a 4500001001300000003000400013005001700017008004100034010001700075040002400092072001200116100003800128245005800166300001300224506002200237520008100259545001800340546003600358580005700394600003300451650002300484656002700507999001700534mm 79001730 DLC20260227111637.0791113|||||||||||| eng  amm 79001730  aDLCedacscDLCdDLC 7aW2lcmd1 aShepherd, Oliver Lathrop,d-1894.00aOliver Lathrop Shepherd correspondence,f1873 May 14. a1fitem.0 aOpen to research.8 aALS written by Shepherd to T. Wendell regarding a personal financial matter.0 aArmy officer. aCollection material in English. aForms part of: Miscellaneous Manuscripts collection.10aWendell, T.vCorrespondence. 0aFinance, Personal. 7aArmy officers.2itoamc c40892d40892